Sports Quiz

Random Sports or Basketball Quiz

NCAA Basketball 2011: University of Texas Quiz Stats

Quiz Updated Oct 18, 2016

Score 0/22 Timer 05:00
0 Plays Today
Hint Answers % Correct
NicknameLonghorns
95.2%
ConferenceBig 12
92.1%
ColorsBurnt Orange and White
89.1%
CityAustin, Texas
86%
CoachRick Barnes
51.9%
ForwardTristan Thompson
47.7%
Highest NBA Scoring AlumLaSalle Thompson
43.8%
Guard/ForwardJordan Hamilton
42.2%
GuardJ'Covan Brown
39%
ForwardGary Johnson
34.9%
GuardDogus Balbay
34.5%
Hint Answers % Correct
GuardCory Joseph
34.5%
Basketball ArenaFrank Erwin Center
30.8%
2nd Round OpponentOakland
26.4%
Forward/CenterMatt Hill
23.9%
GuardJai Lucas
22.6%
Forward/CenterAlexis Wangmene
21.1%
Forward/CenterClint Chapman
14.7%
GuardAndrew Dick
10.9%
GuardDean Melchionni
6.1%
GuardTrent Morgan
4.7%
All-time Leading Scorer (2,306 points)Terrence Rencher
4.6%

You're not logged in!

Compare scores with friends on all Sporcle quizzes.
Join for Free
OR
Log In

Show Comments

Extras

Top Quizzes Today


Score Distribution

Your Account Isn't Verified!

In order to create a playlist on Sporcle, you need to verify the email address you used during registration. Go to your Sporcle Settings to finish the process.

Report this User

Report this user for behavior that violates our Community Guidelines.

Details: